Aquaculture management

This text shows how to increase the effectiveness of aquaculture operations across the board. Serving as both a field manual for professionals and a textbook for aquaculture students, it aims to cover all aspects of aquaculture - from production and management to marketing and ethical considerations...

Fuld beskrivelse

Đã lưu trong:
Bibliografiske detaljer
Hovedforfatter: Meade, James W.
Format: Bog
Sprog:Undetermined
Udgivet: New York Chapman & hall 1989
Fag:
Tags: Tilføj Tag
Ingen Tags, Vær først til at tagge denne postø!
Thư viện lưu trữ: Trung tâm Học liệu Trường Đại học Cần Thơ
LEADER 00779nam a2200193Ia 4500
001 CTU_126671
008 210402s9999 xx 000 0 und d
082 |a 639.0916 
082 |b M481 
100 |a Meade, James W. 
245 0 |a Aquaculture management 
245 0 |c James W. Meade 
260 |a New York 
260 |b Chapman & hall 
260 |c 1989 
520 |a This text shows how to increase the effectiveness of aquaculture operations across the board. Serving as both a field manual for professionals and a textbook for aquaculture students, it aims to cover all aspects of aquaculture - from production and management to marketing and ethical considerations. 
650 |a Aquaculture 
904 |i M.Loan 
980 |a Trung tâm Học liệu Trường Đại học Cần Thơ